Quick Pick: Separated Countries in Europe Quiz Stats

 Plays Quiz not verified by Sporcle

Score 0/20 Timer 02:00
0 Plays Today
% Correct
Ger
97.1%
Gre
97.1%
Fra
96.6%
Belg
96.2%
Nether
95.8%
Port
95.4%
Nor
95.4%
Slo
95.4%
Ire
95.4%
Swe
95.4%
% Correct
Bulg
95%
Ice
95%
Hung
95%
Rom
95%
Kos
94.5%
Tur
94.5%
Lat
94.5%
Bela
94.5%
Spa
94.5%
Slo
94.1%

You're not logged in!

Compare scores with friends on all Sporcle quizzes.
OR
Log In

Sporcle TV

Today on Sporcle TV


Watch our educational content, quiz creation guides, and fun videos on Sporcle TV.

Show Comments

Extras

Top Quizzes Today


Score Distribution

Your Account Isn't Verified!

In order to create a playlist on Sporcle, you need to verify the email address you used during registration. Go to your Sporcle Settings to finish the process.

Report this User

Report this user for behavior that violates our Community Guidelines.

Details: